• 首页
  • 本馆介绍
  • 公告通知
  • 最新文献
  • 馆藏检索
  • 电子资源
  • 读者导购
  • 参考咨询
  • 我的图书馆
  • 登录
  • 详细信息显示
  • 放入我的书架
  • 预约/预借图书
  • 作者相关作品
  • 分类相关作品
  • 丛书相关作品
  • 出版社相关作品

书目信息

  • 表格格式
  • 工作单格式
  • 卡片格式
题名:
新高考100问
    
 
作者: 袁竞 主编
分册:  
出版信息: 济南   济南出版社  2018.09
页数: 162页
开本: 24cm
丛书名:
单 册:
中图分类: G632.474
科图分类:
主题词: 高考--gao kao--教育改革--中国
电子资源:
ISBN: 978-7-5488-3433-5
000 00774nam0 2200241 450
001 0109110035
005 20201109110332.0
010    @a978-7-5488-3433-5@dCNY29.00
100    @a20181129d2018 em y0chiy50 ea
101 0  @achi
102    @aCN@b370000
105    @aa z 000yy
106    @ar
200 1  @a新高考100问@Axin gao kao 100 wen@f袁竞主编
210    @a济南@c济南出版社@d2018.09
215    @a162页@c图@d24cm
300    @a21世纪教学与评价研究中心出品
330    @a本书分为五个部分,解答了新高考的有关政策,给学生提出有关应对新高考的实用建议,介绍了关于高考自主招生的有关内容等。
606 0  @a高考@Agao kao@x教育改革@y中国
690    @aG632.474@v5
701  0 @a袁竞@Ayuan jing@4主编
801  0 @aCN@bBJSZM@c20201103
905    @b1264696-700@dG632.474@e1000@f5
    
    新高考100问/袁竞主编.-济南:济南出版社,2018.09
    162页:图;24cm
    21世纪教学与评价研究中心出品
    
    ISBN 978-7-5488-3433-5:CNY29.00
    本书分为五个部分,解答了新高考的有关政策,给学生提出有关应对新高考的实用建议,介绍了关于高考自主招生的有关内容等。
●
相关链接 在E读中查询图书 在五车中查询图书 在当当中查询图书 在豆瓣中查询图书


正题名:新高考100问     索取号:G632.474/1000         预约/预借

序号 登录号 条形码 馆藏地/架位号 状态 备注
1 1264696   212646966   第一样本阅览室/ [索取号:G632.474/1000] 在馆    
2 1264697   212646975   教育系资料室/ [索取号:G632.474/1000] 在馆    
3 1264698   212646984   教育系资料室/ [索取号:G632.474/1000] 在馆    
4 1264699   212646993   第四借阅区/ [索取号:G632.474/1000] 在馆    
5 1264700   212647000   第四借阅区/ [索取号:G632.474/1000] 在馆    
唐山师范学院图书馆 欢迎您!
大连网信软件有限公司© 版权所有